[Event "New York op"]
[Site "New York"]
[Date "1987.??.??"]
[Round "?"]
[White "Rachels, Stuart"]
[Black "Zuckerman, Bernard"]
[Result "1/2-1/2"]
[WhiteElo "2355"]
[BlackElo "2480"]
[PlyCount "63"]
[EventDate "1987.??.??"]
[EventType "swiss"]
[EventRounds "11"]
[EventCountry "USA"]
[SourceTitle "CBM 002"]
[Source "ChessBase"]
[SourceDate "1988.02.01"]
[SourceVersion "1"]
[SourceVersionDate "1988.02.01"]
[SourceQuality "1"]

1. e4 c5 2. Nf3 d6 3. d4 cxd4 4. Nxd4 Nf6 5. Nc3 a6 6. a4 Nc6 7. Be2 e5 8. Nxc6 bxc6 9. f4 Nd7 10. 0-0 Be7 11. Kh1 0-0 12. a5 Qc7 13. Be3 exf4 14. Bxf4 Ne5 15. Qd2 Be6 16. Na4 Qb7 17. Nb6 Rad8 18. Rad1 Nd7 19. Be3 Nxb6 20. Bxb6 Rd7 21. Qd3 Ra8 22. c3 Bd8 23. Bxd8 Rdxd8 24. b4 Qc7 25. Qe3 c5 26. Rd2 h6 27. Rfd1 Rdb8 28. Rb1 Rd8 29. Rdb2 cxb4 30. cxb4 d5 31. exd5 Bxd5 32. Rc1 1/2-1/2

[Event "New York op"]
[Site "New York"]
[Date "1985.??.??"]
[Round "8"]
[White "Zuckerman, Bernard"]
[Black "Lucky, David N"]
[Result "1-0"]
[WhiteElo "2490"]
[BlackElo "2215"]
[PlyCount "63"]
[EventDate "1985.03.??"]
[EventType "swiss"]
[EventRounds "9"]
[EventCountry "USA"]
[SourceTitle "EXT 2000"]
[Source "ChessBase"]
[SourceDate "1999.11.16"]
[SourceVersion "1"]
[SourceVersionDate "1999.11.16"]
[SourceQuality "1"]

1. Nf3 Nf6 2. c4 e6 3. Nc3 d5 4. d4 c6 5. e3 Nbd7 6. Bd3 Be7 7. b3 0-0 8. 0-0 b6 9. Bb2 Bb7 10. Qe2 c5 11. Rad1 cxd4 12. exd4 Rc8 13. Ne5 g6 14. f4 Re8 15. Qe3 dxc4 16. bxc4 Bf8 17. Kh1 a6 18. Qh3 Qe7 19. a3 Red8 20. Rfe1 Nh5 21. Ne2 Ndf6 22. Qe3 Bh6 23. Kg1 Nd7 24. Qf2 Nhf6 25. Qh4 Nxe5 26. fxe5 Be3+ 27. Kf1 Nd5 28. Qg3 Bg5 29. cxd5 Bh4 30. d6 Rxd6 31. exd6 Qf6+ 32. Qf4 1-0

[Event "New York International"]
[Site "New York"]
[Date "1984.??.??"]
[Round "4"]
[White "Zuckerman, Bernard"]
[Black "Spraggett, Kevin"]
[Result "1-0"]
[WhiteElo "2490"]
[BlackElo "2540"]
[PlyCount "151"]
[EventDate "1984.04.??"]
[EventType "swiss"]
[EventRounds "9"]
[EventCountry "USA"]
[SourceTitle "MCD"]
[Source "ChessBase"]
[SourceDate "1999.07.01"]
[SourceVersion "1"]
[SourceVersionDate "1999.07.01"]
[SourceQuality "1"]

1. e4 c5 2. Nf3 e6 3. c3 d5 4. exd5 Qxd5 5. d4 Nf6 6. Be2 Be7 7. 0-0 Nc6 8. dxc5 Qxd1 9. Rxd1 Bxc5 10. Nbd2 0-0 11. Nc4 Bd7 12. Nfe5 Rfd8 13. Nxd7 Rxd7 14. Rxd7 Nxd7 15. Bf4 Nb6 16. Nxb6 Bxb6 17. Rd1 e5 18. Bc1 Rd8 19. Rxd8+ Nxd8 20. Kf1 Kf8 21. Bd3 g6 22. f4 exf4 23. Bxf4 Ke7 24. Be4 Bc5 25. h3 Bd6 26. Bg5+ f6 27. Be3 a6 28. Bd5 Nc6 29. Ke2 h5 30. b4 Be5 31. Kd3 h4 32. a4 Kd6 33. Be4 f5 34. Bf3 Bg3 35. Kc2 Kc7 36. b5 axb5 37. axb5 Ne5 38. b6+ Kb8 39. Bd5 Nd7 40. c4 Bd6 41. Bg5 Nxb6 42. Bf7 Bg3 43. Kc3 Nc8 44. Bxg6 Nd6 45. Be7 b6 46. Kd4 Kc7 47. Kd5 Kd7 48. Bf6 Kc7 49. Bd4 Kb7 50. Bh5 Kc7 51. Be2 Kb7 52. Bd3 Kc7 53. Bc2 b5 54. c5 Ne4 55. Bd3 b4 56. Kc4 Be1 57. Bc2 Nd2+ 58. Kb5 Ne4 59. Be5+ Kd8 60. c6 Ke7 61. c7 Kd7 62. Bb3 Bg3 63. Be6+ Kxe6 64. c8Q+ Kxe5 65. Kxb4 Nd6 66. Qc3+ Ke6 67. Qd3 Ke5 68. Kc5 Ne4+ 69. Kc6 Kf4 70. Kd5 Kg5 71. Qe3+ Kg6 72. Qb6+ Nd6 73. Ke6 Ne4 74. Qc6 Kg5 75. Qd5 Nd6 76. Qd4 1-0

[Event "New York Heraldica-Ruslan Satellite"]
[Site "New York"]
[Date "1983.06.??"]
[Round "2"]
[White "Rizzitano, James"]
[Black "Zuckerman, Bernard"]
[Result "1/2-1/2"]
[WhiteElo "2330"]
[BlackElo "2475"]
[PlyCount "43"]
[EventDate "1983.06.??"]
[EventType "tourn"]
[EventRounds "11"]
[EventCountry "USA"]
[SourceTitle "EXT 2014"]
[Source "ChessBase"]
[SourceDate "2013.11.20"]
[SourceVersion "1"]
[SourceVersionDate "2013.11.20"]
[SourceQuality "1"]

1. e4 c5 2. d4 cxd4 3. c3 dxc3 4. Nxc3 Nc6 5. Nf3 e6 6. Bc4 a6 7. 0-0 d6 8. Qe2 b5 9. Bb3 Ra7 10. Be3 Rd7 11. Nd4 Na5 12. f4 Nxb3 13. axb3 Bb7 14. f5 e5 15. Nc2 Nf6 16. Nb4 Be7 17. Nxa6 0-0 18. Nb4 d5 19. Nbxd5 Bxd5 20. Nxd5 Nxd5 21. exd5 Rxd5 22. Ba7 1/2-1/2

[Event "Quebec op"]
[Site "Montreal"]
[Date "1979.07.24"]
[Round "8"]
[White "Zuckerman, Bernard"]
[Black "Day, Lawrence A"]
[Result "0-1"]
[WhiteElo "2494"]
[BlackElo "2414"]
[PlyCount "58"]
[EventDate "1979.07.17"]
[EventType "swiss"]
[EventRounds "8"]
[EventCountry "CAN"]
[SourceTitle "EXT 2022"]
[Source "ChessBase"]
[SourceDate "2021.10.06"]
[SourceVersion "1"]
[SourceVersionDate "2021.10.06"]
[SourceQuality "1"]

1. e4 c5 2. Nf3 Nc6 3. d4 cxd4 4. Nxd4 Nf6 5. Nc3 e5 6. Ndb5 d6 7. Bg5 a6 8. Na3 b5 9. Bxf6 gxf6 10. Nd5 f5 11. Bd3 Be6 12. Qh5 Rg8 13. 0-0 f4 14. c3 Bg4 15. Qxh7 Rg6 16. f3 Be6 17. Rf2 Rh6 18. Qg8 Rc8 19. Bxb5 f5 20. Qxe6+ Rxe6 21. exf5 Rh6 22. Bxa6 Ne7 23. Bxc8 Qxc8 24. Rd1 Nxd5 25. Rxd5 Qxf5 26. b4 Qh7 27. h3 Rxh3 28. Rxe5+ dxe5 29. gxh3 Qd3 0-1

[Event "Quebec op"]
[Site "Montreal"]
[Date "1979.07.18"]
[Round "2"]
[White "Hamilton, Robert"]
[Black "Zuckerman, Bernard"]
[Result "0-1"]
[WhiteElo "1897"]
[BlackElo "2494"]
[PlyCount "66"]
[EventDate "1979.07.17"]
[EventType "swiss"]
[EventRounds "8"]
[EventCountry "CAN"]
[SourceTitle "EXT 2022"]
[Source "ChessBase"]
[SourceDate "2021.10.06"]
[SourceVersion "1"]
[SourceVersionDate "2021.10.06"]
[SourceQuality "1"]

1. e4 c5 2. Nf3 d6 3. d4 cxd4 4. Nxd4 Nf6 5. Nc3 a6 6. Bg5 e6 7. f4 Be7 8. Qf3 Qc7 9. 0-0-0 Nbd7 10. g4 b5 11. Bxf6 Nxf6 12. g5 Nd7 13. f5 Bxg5+ 14. Kb1 Ne5 15. Qh5 Qd8 16. Nxe6 Bxe6 17. fxe6 g6 18. exf7+ Kxf7 19. Qe2 Kg7 20. Rd5 Qe7 21. Qd1 Nf7 22. Bh3 Bf6 23. Rd3 Qe5 24. Qg4 Ra7 25. Qe6 Ng5 26. Qxe5 Bxe5 27. Bg2 Rf8 28. h4 Rf2 29. Bh3 Nxh3 30. Rdxh3 h5 31. a3 Raf7 32. Nd5 Re2 33. Nb4 Rff2 0-1

[Event "Marshall op"]
[Site "New York"]
[Date "1979.??.??"]
[Round "4"]
[White "Gruchacz, Robert"]
[Black "Zuckerman, Bernard"]
[Result "1/2-1/2"]
[WhiteElo "2355"]
[BlackElo "2480"]
[PlyCount "31"]
[EventDate "1979.03.??"]
[EventType "swiss"]
[EventRounds "10"]
[EventCountry "USA"]
[SourceTitle "MCD"]
[Source "ChessBase"]
[SourceDate "1999.07.01"]
[SourceVersion "1"]
[SourceVersionDate "1999.07.01"]
[SourceQuality "1"]

1. e4 c5 2. c3 Nf6 3. e5 Nd5 4. d4 cxd4 5. cxd4 d6 6. Nf3 Nc6 7. Bc4 Nb6 8. Bb5 dxe5 9. Nxe5 Bd7 10. Nc3 e6 11. Qg4 h5 12. Qe4 Nxe5 13. dxe5 Bxb5 14. Nxb5 Nd5 15. 0-0 Qd7 16. Nd4 1/2-1/2

[Event "Marshall op"]
[Site "New York"]
[Date "1979.??.??"]
[Round "9"]
[White "Zuckerman, Bernard"]
[Black "Kudrin, Sergey"]
[Result "1-0"]
[WhiteElo "2480"]
[BlackElo "2360"]
[PlyCount "97"]
[EventDate "1979.03.??"]
[EventType "swiss"]
[EventRounds "10"]
[EventCountry "USA"]
[SourceTitle "MCD"]
[Source "ChessBase"]
[SourceDate "1999.07.01"]
[SourceVersion "1"]
[SourceVersionDate "1999.07.01"]
[SourceQuality "1"]

1. e4 c5 2. Nf3 d6 3. d4 cxd4 4. Nxd4 Nf6 5. Nc3 g6 6. Be3 Bg7 7. f3 Nc6 8. Qd2 0-0 9. Bc4 Bd7 10. h4 Rc8 11. Bb3 h5 12. 0-0-0 Ne5 13. Bg5 Rc5 14. f4 Nc6 15. e5 Nxd4 16. Qxd4 Rc6 17. Qxa7 Bg4 18. exf6 exf6 19. Qxb7 Rb6 20. Qd5 Bxd1 21. Rxd1 fxg5 22. hxg5 Qa8 23. Qxa8 Rxa8 24. Nd5 Rb7 25. Re1 Kf8 26. c3 Re8 27. Rxe8+ Kxe8 28. Kc2 Kd7 29. Bc4 Rb8 30. a4 Rf8 31. Bd3 Ke6 32. Be4 f6 33. gxf6 Bxf6 34. a5 Bh4 35. a6 Bf2 36. b4 Rc8 37. Kd3 h4 38. c4 Rg8 39. b5 g5 40. fxg5 Rxg5 41. b6 Rg3+ 42. Ke2 Bxb6 43. Nxb6 Ra3 44. Bb7 Ke5 45. Nc8 Kd4 46. a7 Kxc4 47. Nxd6+ Kd4 48. a8Q Rxa8 49. Bxa8 1-0

[Event "USA-ch"]
[Site "Pasadena"]
[Date "1978.??.??"]
[Round "12"]
[White "Lombardy, William James"]
[Black "Zuckerman, Bernard"]
[Result "1/2-1/2"]
[WhiteElo "2540"]
[BlackElo "2475"]
[PlyCount "130"]
[EventDate "1978.06.??"]
[EventType "tourn"]
[EventRounds "15"]
[EventCountry "USA"]
[EventCategory "10"]
[SourceTitle "MCD"]
[Source "ChessBase"]
[SourceDate "1999.07.01"]
[SourceVersion "1"]
[SourceVersionDate "1999.07.01"]
[SourceQuality "1"]

1. d4 Nf6 2. c4 e6 3. Nc3 Bb4 4. Nf3 c5 5. g3 Ne4 6. Qd3 cxd4 7. Nxd4 Qa5 8. Nb3 Nxc3 9. Bd2 Ne4 10. Qxe4 Bxd2+ 11. Nxd2 0-0 12. Bg2 Rd8 13. Qf4 d5 14. cxd5 exd5 15. 0-0 Nc6 16. Nb3 Qb6 17. Rfd1 Be6 18. Rd2 d4 19. Bxc6 Bxb3 20. Bxb7 Qxb7 21. axb3 Qxb3 22. Rxd4 Qxb2 23. Rxa7 Rf8 24. Rxa8 Qb1+ 25. Kg2 Qb7+ 26. f3 Qxa8 27. Rd7 Qe8 28. Qd2 h6 29. Kf2 Qe6 30. Kf1 Qf6 31. Qe3 Rb8 32. Qe4 Rc8 33. Re7 Qc6 34. Qxc6 Rxc6 35. Re5 g6 36. g4 Kg7 37. h4 Kf6 38. Ra5 Rc1+ 39. Kf2 Rh1 40. Kg3 Re1 41. Ra2 Rg1+ 42. Kh2 Re1 43. f4 Kg7 44. Kg2 Kf6 45. Rb2 Kg7 46. h5 gxh5 47. gxh5 Kf6 48. Kf2 Rh1 49. Rb5 Rh3 50. Re5 Ra3 51. e3 Ra1 52. Rb5 Rh1 53. e4 Rh3 54. Kg2 Re3 55. Rb6+ Kg7 56. e5 Kh7 57. Rb7 Kg8 58. Rb8+ Kg7 59. Rb5 Kh7 60. Ra5 Kg7 61. Ra1 Kf8 62. Rh1 f6 63. Rh3 Re1 64. Kf2 Ra1 65. e6 Ra2+ 1/2-1/2

[Event "USA-ch"]
[Site "Mentor"]
[Date "1977.10.04"]
[Round "10"]
[White "Zuckerman, Bernard"]
[Black "Peters, Jack"]
[Result "1/2-1/2"]
[WhiteElo "2450"]
[BlackElo "2370"]
[PlyCount "48"]
[EventDate "1977.09.25"]
[EventType "tourn"]
[EventRounds "13"]
[EventCountry "USA"]
[EventCategory "9"]
[SourceTitle "MCL"]
[Source "ChessBase"]
[SourceDate "1999.07.01"]
[SourceVersion "1"]
[SourceVersionDate "1999.07.01"]
[SourceQuality "1"]

1. e4 e6 2. d4 d5 3. Nc3 Bb4 4. e5 c5 5. a3 Bxc3+ 6. bxc3 Ne7 7. Nf3 Bd7 8. a4 Qa5 9. Qd2 Nbc6 10. Bd3 c4 11. Be2 f6 12. 0-0 0-0-0 13. Ba3 Ng6 14. Bd6 Rdg8 15. Rfe1 Nd8 16. Bf1 Nf7 17. Bb4 Qc7 18. Qe3 h5 19. g3 h4 20. g4 h3 21. a5 Nh4 22. Nxh4 Rxh4 23. Qg3 Rgh8 24. f3 R4h6 1/2-1/2

[Event "USA-ch"]
[Site "Mentor"]
[Date "1977.09.30"]
[Round "6"]
[White "Zuckerman, Bernard"]
[Black "Shamkovich, Leonid Alexandrovic"]
[Result "1-0"]
[WhiteElo "2450"]
[BlackElo "2485"]
[PlyCount "77"]
[EventDate "1977.09.25"]
[EventType "tourn"]
[EventRounds "13"]
[EventCountry "USA"]
[EventCategory "9"]
[SourceTitle "MCL"]
[Source "ChessBase"]
[SourceDate "1999.07.01"]
[SourceVersion "1"]
[SourceVersionDate "1999.07.01"]
[SourceQuality "1"]

1. e4 g6 2. d4 Bg7 3. Nc3 d6 4. f4 c6 5. Nf3 Qb6 6. Be2 Bg4 7. e5 Nh6 8. Ne4 Nf5 9. c3 Nd7 10. Nfg5 Bxe2 11. Qxe2 d5 12. Ng3 Nxg3 13. hxg3 Nf8 14. g4 h6 15. Nf3 e6 16. Be3 0-0-0 17. 0-0-0 Re8 18. f5 exf5 19. gxf5 f6 20. Qd3 Qa6 21. Qxa6 bxa6 22. g4 Nd7 23. e6 Nb6 24. Nh4 g5 25. Ng2 Nc4 26. Rh5 Nxe3 27. Nxe3 Kc7 28. Rdh1 Kd6 29. R5h3 Rc8 30. Nf1 c5 31. dxc5+ Rxc5 32. Ng3 Rc4 33. Nh5 Rh7 34. Nxg7 Rxg7 35. Rxh6 Rxg4 36. Rxf6 Rf4 37. Rh8 g4 38. Rf7 Rg5 39. e7 1-0

[Event "USA-ch"]
[Site "Mentor"]
[Date "1977.09.29"]
[Round "5"]
[White "Reshevsky, Samuel Herman"]
[Black "Zuckerman, Bernard"]
[Result "1/2-1/2"]
[WhiteElo "2490"]
[BlackElo "2450"]
[PlyCount "35"]
[EventDate "1977.09.25"]
[EventType "tourn"]
[EventRounds "13"]
[EventCountry "USA"]
[EventCategory "9"]
[SourceTitle "MCL"]
[Source "ChessBase"]
[SourceDate "1999.07.01"]
[SourceVersion "1"]
[SourceVersionDate "1999.07.01"]
[SourceQuality "1"]

1. d4 Nf6 2. c4 g6 3. g3 Bg7 4. Bg2 0-0 5. Nc3 d6 6. Nf3 Nbd7 7. 0-0 e5 8. e4 c6 9. h3 Qb6 10. Re1 Re8 11. d5 Nc5 12. Rb1 a5 13. b3 Qc7 14. dxc6 bxc6 15. Ba3 Bf8 16. Qd2 Ne6 17. Rbd1 c5 18. Nb5 1/2-1/2

[Event "USA-ch"]
[Site "Mentor"]
[Date "1977.09.28"]
[Round "4"]
[White "Zuckerman, Bernard"]
[Black "Christiansen, Larry Mark"]
[Result "1/2-1/2"]
[WhiteElo "2450"]
[BlackElo "2460"]
[PlyCount "119"]
[EventDate "1977.09.25"]
[EventType "tourn"]
[EventRounds "13"]
[EventCountry "USA"]
[EventCategory "9"]
[SourceTitle "MCL"]
[Source "ChessBase"]
[SourceDate "1999.07.01"]
[SourceVersion "1"]
[SourceVersionDate "1999.07.01"]
[SourceQuality "1"]

1. e4 c5 2. Nf3 Qc7 3. c3 Nf6 4. e5 Nd5 5. d4 cxd4 6. cxd4 e6 7. Bd3 Nc6 8. Nc3 Nxc3 9. bxc3 d6 10. exd6 Bxd6 11. 0-0 0-0 12. Re1 f5 13. Bc4 Nd8 14. Qb3 b5 15. Bxb5 Rb8 16. Qa4 Bb7 17. Ne5 Qxc3 18. Bf4 Be4 19. Ng6 Bxf4 20. Nxf4 Qd2 21. g3 Qc3 22. Bf1 Rb2 23. Re3 Qc7 24. Qc4 Qd6 25. Nd3 Bxd3 26. Rxd3 f4 27. Qc3 fxg3 28. fxg3 Rff2 29. Qc5 Qd7 30. d5 Rfc2 31. Rc3 Nb7 32. Rxc2 Nxc5 33. Rxb2 Qxd5 34. Rab1 Qd4+ 35. Kh1 h5 36. Rb4 Qd5+ 37. Bg2 Qxa2 38. Rc1 Qd2 39. Rbc4 Nd3 40. Rc8+ Kf7 41. Rf1+ Ke7 42. Rc7+ Kd6 43. Rxa7 Nf2+ 44. Kg1 Ng4 45. Raf7 Ne3 46. R1f2 Qc1+ 47. Bf1 g5 48. Re2 Nf5 49. Rf2 Qe3 50. Bg2 g4 51. Rb7 Nd4 52. Rbf7 e5 53. Kh1 Nf3 54. R7xf3 gxf3 55. Rxf3 Qd2 56. Rf1 Qe2 57. Kg1 e4 58. Bxe4 Qxe4 59. Rf4 Qe2 60. h4 1/2-1/2

[Event "Marshall CC"]
[Site "New York"]
[Date "1977.??.??"]
[Round "?"]
[White "Diesen, Mark C"]
[Black "Zuckerman, Bernard"]
[Result "1/2-1/2"]
[WhiteElo "2360"]
[BlackElo "2450"]
[PlyCount "45"]
[EventDate "1977.01.??"]
[EventType "tourn"]
[EventRounds "13"]
[EventCountry "USA"]
[EventCategory "8"]
[SourceTitle "EXT 1998"]
[Source "ChessBase"]
[SourceDate "1997.11.17"]
[SourceVersion "1"]
[SourceVersionDate "1997.11.17"]
[SourceQuality "1"]

1. e4 c5 2. Nf3 d6 3. Bb5+ Bd7 4. Bxd7+ Qxd7 5. c4 Nf6 6. Nc3 Nc6 7. 0-0 g6 8. d3 Bg7 9. h3 0-0 10. Be3 a6 11. Qd2 Rab8 12. a4 e5 13. Nh2 Nd4 14. Rab1 Ne8 15. b4 f5 16. f4 exf4 17. Bxf4 Ne6 18. Bh6 f4 19. Bxg7 N8xg7 20. Nd5 Nh5 21. bxc5 dxc5 22. Rb6 Nd4 23. Nf3 1/2-1/2

[Event "Marshall CC"]
[Site "New York"]
[Date "1977.??.??"]
[Round "?"]
[White "Zuckerman, Bernard"]
[Black "Mednis, Edmar John"]
[Result "1/2-1/2"]
[WhiteElo "2450"]
[BlackElo "2430"]
[PlyCount "120"]
[EventDate "1977.01.??"]
[EventType "tourn"]
[EventRounds "13"]
[EventCountry "USA"]
[EventCategory "8"]
[SourceTitle "EXT 1998"]
[Source "ChessBase"]
[SourceDate "1997.11.17"]
[SourceVersion "1"]
[SourceVersionDate "1997.11.17"]
[SourceQuality "1"]

1. d4 d5 2. c4 c6 3. Nc3 Nf6 4. e3 e6 5. Nf3 Nbd7 6. Bd3 dxc4 7. Bxc4 b5 8. Bd3 Bb7 9. 0-0 a6 10. Qe2 c5 11. Rd1 Qb8 12. d5 Nxd5 13. Nxd5 c4 14. Bxc4 bxc4 15. Nc3 Qc7 16. e4 Bc5 17. Be3 Bxe3 18. Qxe3 0-0 19. Rd2 Rab8 20. Rad1 Nf6 21. Qd4 Rfc8 22. Ne5 h6 23. Nd7 Nxd7 24. Qxd7 Qxd7 25. Rxd7 Bc6 26. R7d2 Kf8 27. f3 Ke7 28. Kf2 Rb4 29. Rc1 Rcb8 30. Rcc2 Ba4 31. Nxa4 Rxa4 32. a3 Rb3 33. Rd4 c3 34. Rxa4 cxb2 35. Rxb2 Rxb2+ 36. Kg3 Rb6 37. h4 h5 38. Kf4 Kd6 39. Ra5 g6 40. g4 hxg4 41. fxg4 f6 42. e5+ fxe5+ 43. Rxe5 Rc6 44. Ra5 Ke7 45. Kg5 Kf7 46. h5 gxh5 47. Kxh5 Kf6 48. g5+ Kg7 49. Re5 Kh7 50. Re3 Kg7 51. Rb3 e5 52. Rb7+ Kf8 53. g6 Rc1 54. Ra7 e4 55. Rxa6 e3 56. Rf6+ Kg7 57. Rf7+ Kg8 58. Re7 Re1 59. Kg4 e2 60. Kf3 Ra1 1/2-1/2

[Event "Marshall CC"]
[Site "New York"]
[Date "1977.??.??"]
[Round "?"]
[White "Zuckerman, Bernard"]
[Black "Regan, Kenneth"]
[Result "1/2-1/2"]
[WhiteElo "2450"]
[BlackElo "2375"]
[PlyCount "41"]
[EventDate "1977.01.??"]
[EventType "tourn"]
[EventRounds "13"]
[EventCountry "USA"]
[EventCategory "8"]
[SourceTitle "EXT 1998"]
[Source "ChessBase"]
[SourceDate "1997.11.17"]
[SourceVersion "1"]
[SourceVersionDate "1997.11.17"]
[SourceQuality "1"]

1. e4 c5 2. Nf3 Nf6 3. Nc3 e6 4. d4 d5 5. exd5 Nxd5 6. Nxd5 exd5 7. Bb5+ Bd7 8. Bxd7+ Nxd7 9. 0-0 Be7 10. dxc5 Nxc5 11. Be3 0-0 12. c3 Qd7 13. Nd4 Bf6 14. Qc2 Rfe8 15. Rad1 Rad8 16. Nb3 Ne4 17. Bd4 Be5 18. Bxe5 Rxe5 19. Rfe1 Rde8 20. Nd4 Nf6 21. Rxe5 1/2-1/2